pokemon that start with i - Statistics

General Stats
  • This quiz has been taken 4 times
  • The average score is 2 of 9
Answer Stats
Hint Answer % Correct
Gen II Igglybuff
67%
Gen I Ivysaur
67%
Gen III Illumise
33%
Gen IV Infernape
33%
Gen VI Inkay
33%
Gen VIII Impidimp
0%
Gen VII Incineroar
0%
Gen VIII Indeedee
0%
Gen VIII Inteleon
0%
No matching quizzes found
Score Distribution
Percent of People with Each Score
Percentile by Number Answered
Your Score History
You have not taken this quiz